Представление документа в формате RUSMARC

ПолеНазваниеЗначение
  Тип записи a
  Библиографический уровень m
001 Контрольный номер RU/ГПНТБ России/KNIGADB/81.2/К 60-762764671
005 Дата корректировки 20230109145946.8
010 Индекс ISBN __
a ISBN 978-5-17-116887-2
9 Тираж 2000 экз.
d Цена 316-80
100 Данные общей обработки __
a Данные общей обработки 20211209d2020 ma y0rusy028902 ca
101 Язык документа 0_
a Язык текста eng
a Язык текста rus
102 Страна публикации __
a Страна публикации RU
105 Кодированные данные (монография) __
a Кодированные данные (монография) y z 000zy
181 Поле кодированных данных: вид содержания _0
a Код вида содержания (ISBD) i
182 Поле кодированных данных: тип средства _0
a Код типа средства (ISBD) n
200 Заглавие и сведения об ответственности 1_
a Заглавие Голодные игры
e Сведения, относящиеся к заглавию [роман, комментарии, словарь, грамматика]
e Сведения, относящиеся к заглавию уникальная методика обучения языку В. Ратке
f Первые сведения об ответственности Сьюзен Коллинз
g Последующие сведения об ответственности лексико-грамматический комментарий Е. В. Глушенковой
d Параллельное заглавие The Hunger Games
z Язык параллельного заглавия eng
203 Вид содержания и тип средства __
a Вид содержания Текст
c Тип средства непосредственный
210 Выходные данные 1_
a Место издания Москва
c Издательство АСТ
c Издательство Lingua
d Дата издания 2020
215 Физическое описание __
a Объем 478, [1] с.
d Формат 20 см
225 Серия 2_
a Серия Учим английский, читая классику
300 Общие примечания __
a Общие примечания Текст на английском языке
330 Аннотация __
a Аннотация Лучший способ учить иностранный язык - это читать художественное произведение, постепенно овладевая лексикой и грамматикой. Предлагаем учить английский язык вместе с романом-сенсацией американской писательницы Сьюзен Коллинз "Голодные игры". Напряженный сюжет романа не дает читателю расслабиться и способствует эффективному запоминанию слов и грамматических конструкций. Полный текст произведения снабжен подробным лексико-грамматическим комментарием, расположенным на полях и содержащим ссылки на соответствующее правило грамматики. Объем грамматического справочника, следующего сразу за романом, соответствует уровню выше среднего, поэтому им можно успешно пользоваться и в дальнейшем. В конце книги помещен англо-русский словарик. Издание предназначено для всех, кто начал и продолжает учить английский язык, кто стремится читать книги в оригинале.
600 Персоналии _1
2 Код системы nlr_sh
a Персоналии (Фамилия) Ратке
b Персоналии (Имя) В.
g Полное имя Вольфганг
f Даты 1571-1635
606 Тематические рубрики __
a Основная рубрика Языкознание
2 Код системы nlr_sh
606 Тематические рубрики __
a Основная рубрика Германские языки
2 Код системы nlr_sh
610 Ключевые слова 0_
a Ключевые слова зарубежная литература
610 Ключевые слова 0_
a Ключевые слова иностранная литература
610 Ключевые слова 0_
a Ключевые слова иностранные языки
610 Ключевые слова 0_
a Ключевые слова английский язык
610 Ключевые слова 0_
a Ключевые слова американская литература
610 Ключевые слова 0_
a Ключевые слова чтение на английском
610 Ключевые слова 0_
a Ключевые слова методика Ратке
610 Ключевые слова 0_
a Ключевые слова Ратке методика
610 Ключевые слова 0_
a Ключевые слова экранизации
610 Ключевые слова 0_
a Ключевые слова экранизированные книги
686 Индексы других классификаций __
2 Код системы rubbks
a Классификационный индекс 81.432.1я7-3
700 Автор _1
a Фамилия Коллинз
b Имя С.
g Полное личное имя Сьюзен
f Даты 1962-
4 Код отношения 070
702 Вторичная интеллектуальная ответственность _1
a Фамилия Глушенкова
b Имя Е. В.
4 Код отношения 212
801 Источник записи _0
b Организация ГПНТБ России
a Страна RU
c Дата составления 20211209
g Правила каталогизации PSBO
801 Источник записи _1
b Организация ГПНТБ России
a Страна RU
c Дата составления 20211209
g Правила каталогизации PSBO
852 Данные о местонахождении 5_
j Шифр хранения 81.432.1я7-3
i Авторский знак К 60
900 Макрообъекты __
a Макрообъекты Голодные игры, 2020
901 Тип документа __
a Ответственный КиК/Обаева
t Тип документа m
903 Характеристики (МАРС) __
a Дата передачи 20220303
c Наименование библиотеки (МАРС) Муниципальное бюджетное учреждение культуры "Централизованная библиотечная система" г. Сургут (Центральная городская библиотека им. А. С. Пушкина)
969 Тип издания __
a Тип издания книга для чтения
990 Данные о заказе (DOS) __
j Количество экземпляров (DOS) 1
t N записи в КСУ для И/У (DOS) 202203